| 000 | 00537cam a2200205ua 4500 | ||
|---|---|---|---|
| 020 |
_a81-85147-17-5 _c300.00 |
||
| 041 |
_aeng _h |
||
| 082 |
_a621.47 _bKAU/TH |
||
| 100 | _aKaushik, S C . | ||
| 245 |
_aThermal control in passive solar buildings / _cS.C.Kaushik. _hTextual Documents |
||
| 250 |
_a1 / _b. |
||
| 260 |
_aDelhi : _bIBT Publishers & distributors , _c1988. |
||
| 300 | _a314 ; . | ||
| 365 | _a300.00 | ||
| 504 | _a | ||
| 700 | 1 | _aNayak, . | |
| 700 | 1 | _aTiwari, G.N . | |
| 942 | _cBK | ||
| 999 |
_c2540 _d2540 |
||